02378agaaa2200301 45000010005000000030009000050050017000140070009000310080040000400400023000800410013001031000050001161300036001662450235002022500022004372600134004593000034005935080232006275110089008595200782009485380016017305460013017466500059017597000062018187000070018807000056019507000070020060094IT-RoPAU20220918181231.0d cvaizq50131s9999||||xx ||| | || ||und|| aIT-RoPAUcIT-RoPAU aITALIANO aCapitani GiorgiogCodice regista SPICS: 58033 aPAPA LUCIANI. IL SORRISO DI DIO aPAPA LUCIANI. IL SORRISO DI DIOcProdotto da: Scardamaglia F. E F. -- Sceneggiatura: Scardamaglia Francesco Cerofolini Massimo -- Diretto da: Capitani GiorgiopPAPA LUCIANI. IL SORRISO DI DIO (Rif. Codice opera principale : K0094) aEdizione Standard a(ITALIA)bCOMPAGNIA LEONE CINEMAT. - RAI FICTION / Distribuzione: MAGAZZINO DISPg"2006 (1° ed.: 2010 ; Ed. Lingua Orig.: 2006)" aDVDbsonoro, col.c211 minuti a"Fotografia: Sabatini Claudio; Montaggio: Siciliano Antonio; Musica: Frisina Marco; Sceneggiatura: Scardamaglia Francesco Cerofolini Massimo; Scenografia: Ricceri Luciano; Soggetto: Scardamaglia Francesco -- Cerofolini Massimo" a"Marcore' Neri; Blanco Jose'; Maria; Interlenghi Franco; Romano Paolo; Colomer Imma" a"ALBINO LUCIANI, OBBEDENDO A UNA VOCAZIONE PERENTORIA, SI FA SACERDOTE NEL SUO PICCOLO PAESE NATIO, CANALE D'AGORDO NEL BELLUNESE, E DA QUI IN AVANTI CON GRANDE UMILTA' E SALDEZZA DI FEDE SI MERITA LA STIMA DI VESCOVI E PAPI CHE LO CHIAMANO A RICOPRIRE POSTI DI SEMPRE MAGGIORE RESPONSABILITA'. COME PROFETIZZATO DA SUOR LUCIA, LA SOLA DEI TRE PASTORELLI DI FATIMA ALL'EPOCA ANCORA VIVENTE, NEL 1978 VIENE ELETTO PAPA E SCEGLIE IL NOME DI GIOVANNI PAOLO I. IL SUO BREVE PAPATO E' VISSUTO NEL NOME DEL SIGNORE, PREDICANDO L'AMORE PER I DEBOLI E IL RITORNO AD UNA CHIESA ATTENTA AI VALORI FONDAMENTALI.NON E' LA DURATA CHJE CONTA MA L'INTENSITA' E LA FORZA DEI SUOI INSEGNAMENTI CHE SONO ANCORA VIVI NEL CUORE DEI FEDELI. CONTENUTI EXTRA: DIETRO LE QUINTE; GALLERIA FOTOGRAFICA." aPAL, STEREO aITALIANO aBIOGRAFICOeDVD-FILM [DVD]xCodice MATERIA SPICS: 9947 aCapitani Giorgio e(regista)gCodice regista SPICS: 58033 aCerofolini Massimo e(soggetto)gCodice Soggetto 2° SPICS: 60061 aFrisina Marcoe(musica)gCodice Musica SPICS: 38406 aScardamaglia Francesco e(soggetto)gCodice Soggetto SPICS: 32801